000 01033nam a22002415i 4500
001 178734
003 ES-MaACL
005 20250815112604.0
008 110613s1974 sp |||| | spa d
080 _a577.1
080 _a616.2
100 1 _aVázquez Mata, Guillermo.
_9147182
245 1 0 _aAlfa-1-Antitripsina
_b: contribución al estudio de la metodología bioquímica : su importancia en patología respiratoria /
_cresumen de la tesis presentada para aspirar al grado de doctor en medicina por Guillermo Vázquez Mata.
260 _aBarcelona :
_bUniversidad de Barcelona, Secretariado de Publicaciones, Intercambio Científico y Extensión Universitaria :
_b[Ivern],
_c1974.
300 _a12, [1] p. ;
_c24 cm.
500 _aCub. tomada como port.
504 _aBibliografía: p. [13]
650 0 7 _aBioquímica
_2embne
_9136796
650 4 _aAparato respiratorio-
_xEnfermedades.
_9135585
710 2 _aUniversidad de Barcelona.
_97141
852 _aES-MaACL
_jE-15361 (137)
_xOlim P-1374
999 _c178734
_d178734